000 00631nam a2200241Ia 4500
003 OSt
005 20221005090433.0
006 a|||||r|||| 00| 0
007 ta
008 221004b |||||||| |||| 00| 0 eng d
020 _a0023795700
024 _a75919
037 _cTextual
040 _aCRL
_cCRL
_beng
041 _2eng
_aeng
082 _aO111973x, M0.1
245 0 _aAnthology of American literature
260 _aNew York
_bMacmillan Publishing Co. Inc. USA
_c1980
300 _a1953p.
_ccm.
650 _aENGLISH LITERATURE
942 _hO111973x, M0.1
_cTEXL
_2cc
999 _c995782
_d995782